[Event "Online Olym Top DivC 2020"]
[Site "chess.com INT"]
[Date "2020.08.21"]
[Round "3.1"]
[Board "6"]
[White "Allam, Yara"]
[Black "Makhlouf, Ahlam"]
[Result "1-0"]
[WhiteTitle "WCM"]
[BlackTitle "WFM"]
[WhiteElo "1752"]
[BlackElo "1419"]
[WhiteTeam "Egypt"]
[BlackTeam "Morocco"]
[WhiteFideId "10615709"]
[BlackFideId "9003380"]
[EventDate "2020.08.21"]
[EventType "team"]

1. e4 c5 2. Nf3 e6 3. d4 cxd4 4. Nxd4 Nf6 5. Nc3 Bb4 6. f3 Nc6 7. Nxc6 bxc6 8.
a3 Ba5 9. Bd2 O-O 10. e5 Nd5 11. Ne4 Ne3 12. Qc1 Nxf1 13. Rxf1 Ba6 14. c4 Bxd2+
15. Kxd2 f5 16. Nc5 Qg5+ 17. Kc3 Qxc1+ 18. Raxc1 Bc8 19. Rcd1 Rf7 20. f4 a5 21.
Rd6 g5 22. g3 gxf4 23. Rxf4 Kg7 24. Rfd4 Ra7 25. Na4 Rc7 26. Nb6 c5 27. Rd2 Bb7
28. Rxd7 Rfxd7 29. Rxd7+ Rxd7 30. Nxd7 Bc6 31. Nxc5 Kf7 32. b4 axb4+ 33. axb4
Ke7 34. b5 Bf3 35. b6 h5 36. b7 Bxb7 37. Nxb7 1-0

[Event "Online Olym Top DivC 2020"]
[Site "chess.com INT"]
[Date "2020.08.21"]
[Round "3.2"]
[Board "2"]
[White "Nassr, Ali"]
[Black "Howell, David W L"]
[Result "0-1"]
[WhiteTitle "IM"]
[BlackTitle "GM"]
[WhiteElo "2232"]
[BlackElo "2663"]
[WhiteTeam "Algeria"]
[BlackTeam "England"]
[WhiteFideId "7900520"]
[BlackFideId "410608"]
[EventDate "2020.08.21"]
[EventType "team"]

1. d4 Nf6 2. Bf4 g6 3. Nf3 Bg7 4. e3 d6 5. h3 O-O 6. Be2 c5 7. c3 cxd4 8. exd4
Qb6 9. Qb3 Qc7 10. Nbd2 Nc6 11. O-O e5 12. dxe5 dxe5 13. Bh2 Be6 14. Qa4 a6 15.
Ne4 Nxe4 16. Qxe4 f5 17. Qc2 h6 18. Rfe1 Qf7 19. Nd2 Rfd8 20. b3 b5 21. a4 Rac8
22. axb5 axb5 23. Bf1 e4 24. Rac1 Nb4 25. Qb2 Nd3 26. Bxd3 Rxd3 0-1

[Event "Online Olym Top DivC 2020"]
[Site "chess.com INT"]
[Date "2020.08.21"]
[Round "3.2"]
[Board "4"]
[White "Abdi, Zineb Dina"]
[Black "Ciuksyte, Dagne"]
[Result "1/2-1/2"]
[WhiteTitle "WIM"]
[BlackTitle "IM"]
[WhiteElo "1926"]
[BlackElo "2294"]
[WhiteTeam "Algeria"]
[BlackTeam "England"]
[WhiteFideId "7900880"]
[BlackFideId "12800619"]
[EventDate "2020.08.21"]
[EventType "team"]

1. e4 c5 2. Nf3 e6 3. d4 cxd4 4. Nxd4 a6 5. Bd3 Bc5 6. c3 Nc6 7. Nxc6 bxc6 8.
Qe2 e5 9. O-O Nf6 10. Bg5 O-O 11. Nd2 Re8 12. Nc4 h6 13. Bh4 a5 14. Ne3 d6 15.
Rad1 Be6 16. Bb1 Rb8 17. b3 a4 18. b4 Bxe3 19. fxe3 Bg4 20. Qxg4 Nxg4 21. Bxd8
Rbxd8 22. Rfe1 Nf6 23. Bc2 a3 24. Kf2 Re7 25. Kf3 Rc7 26. Rd2 Kf8 27. Red1 Ke7
28. h3 Ne8 29. Bb3 Rb8 30. Bc4 Rd8 31. Bb3 Rb8 32. Bc4 Rd8 33. Bb3 1/2-1/2

[Event "Online Olym Top DivC 2020"]
[Site "chess.com INT"]
[Date "2020.08.21"]
[Round "3.2"]
[Board "5"]
[White "Willow, Jonah B"]
[Black "Brahami, Lamine"]
[Result "0-1"]
[WhiteTitle "FM"]
[BlackTitle "FM"]
[WhiteElo "2386"]
[BlackElo "2194"]
[WhiteTeam "England"]
[BlackTeam "Algeria"]
[WhiteFideId "438804"]
[BlackFideId "7905637"]
[EventDate "2020.08.21"]
[EventType "team"]

1. e4 c5 2. Nc3 d6 3. g3 Nc6 4. Bg2 g6 5. d3 Bg7 6. Be3 Rb8 7. Qd2 e6 8. Nge2
Nd4 9. Nd1 b5 10. Nc1 Ne7 11. c3 Ndc6 12. Bh6 O-O 13. h4 Ne5 14. h5 Ng4 15. Bxg7
Kxg7 16. f3 Nf6 17. hxg6 fxg6 18. Qh6+ Kg8 19. Nf2 Rf7 20. Nh3 b4 21. Ng5 Rg7
22. c4 d5 23. e5 Nf5 24. Qh2 Nh5 25. f4 Nfxg3 26. Rg1 dxc4 27. Bh3 cxd3 28.
Bxe6+ Bxe6 29. Nxe6 Qd5 30. Nxg7 Qe4+ 31. Kd1 Qf3+ 32. Ke1 Kxg7 33. Qf2 Qe4+ 34.
Kd2 Qc4 35. Rxg3 Nxg3 36. Qxg3 Qc2+ 37. Ke3 d2 38. Ne2 d1=Q 39. Rxd1 Qxd1 40. f5
Rd8 41. Kf2 Rd2 42. f6+ Kf7 43. e6+ Kxe6 44. Qe3+ Kxf6 45. Qf4+ Ke7 46. Qc7+ Kf8
47. Qxc5+ Kg8 48. Qc8+ Kg7 49. Qc7+ Rd7 50. Qe5+ Kf7 51. Qf4+ Ke8 52. Qb8+ Ke7
53. Qe5+ Kf7 54. Qf4+ Ke6 55. Qe4+ Kd6 56. Qxb4+ Kc7 57. Qc5+ Kb7 58. Qb5+ Kc8
59. Qc6+ Kd8 60. Qa8+ Ke7 61. Qe4+ Kf8 62. Qa8+ Kg7 63. Qe8 Rf7+ 64. Ke3 Qd6 65.
Qb5 Re7+ 66. Kf3 Qf6+ 67. Kg2 Re5 68. Qd7+ Re7 69. Qb5 Qh4 70. Ng3 Qg4 71. Qd3
h5 72. Qc3+ Kh7 73. Qf6 Qe6 74. Qf4 Qxa2 75. Qf6 Qe6 76. Qf4 Qd5+ 77. Kh2 Rf7
78. Qe3 Qf3 79. Qg5 Qf6 80. Qd5 h4 81. Ne4 Qxb2+ 82. Kh3 Rf3+ 83. Kxh4 Qh2+ 84.
Kg4 Qf4# 0-1

[Event "Online Olym Top DivC 2020"]
[Site "chess.com INT"]
[Date "2020.08.21"]
[Round "3.3"]
[Board "1"]
[White "Grischuk, Alexander"]
[Black "Saric, Ivan"]
[Result "1/2-1/2"]
[WhiteTitle "GM"]
[BlackTitle "GM"]
[WhiteElo "2777"]
[BlackElo "2646"]
[WhiteTeam "Russia"]
[BlackTeam "Croatia"]
[WhiteFideId "4126025"]
[BlackFideId "14508150"]
[EventDate "2020.08.21"]
[EventType "team"]

1. d4 Nf6 2. Nf3 g6 3. c4 Bg7 4. Nc3 O-O 5. e4 d6 6. Be2 e5 7. O-O Nc6 8. d5 Ne7
9. b4 Nh5 10. c5 Nf4 11. a4 a5 12. cxd6 cxd6 13. bxa5 f5 14. Nd2 fxe4 15. Ndxe4
Rxa5 16. Nb5 Nf5 17. Bg4 Bd7 18. Rb1 h5 19. Bxf4 hxg4 20. Bg5 Qb8 21. Rb4 Rf7
22. Re1 Bxb5 23. Rxb5 Rxb5 24. axb5 Qe8 25. Qxg4 Qxb5 26. Rd1 Qb3 27. h4 Rc7 28.
h5 gxh5 29. Qxh5 Rf7 30. Rc1 Qxd5 31. Qg4 Qe6 32. Bd2 Nd4 33. Qxe6 Nxe6 34. Nxd6
Rd7 35. Ne4 b5 36. Rc8+ Kf7 37. Rb8 Nd4 38. f3 Bf6 39. Kf2 Be7 40. Bc3 Rd5 41.
g4 Nc6 42. Rb7 b4 43. Bd2 Na5 44. Rb8 Nc6 45. Rb7 Na5 46. Rb8 Nc6 47. Rb7 1/2-1/2

[Event "Online Olym Top DivC 2020"]
[Site "chess.com INT"]
[Date "2020.08.21"]
[Round "3.3"]
[Board "2"]
[White "Bosiocic, Marin"]
[Black "Artemiev, Vladislav"]
[Result "1-0"]
[WhiteTitle "GM"]
[BlackTitle "GM"]
[WhiteElo "2606"]
[BlackElo "2716"]
[WhiteTeam "Croatia"]
[BlackTeam "Russia"]
[WhiteFideId "14507927"]
[BlackFideId "24101605"]
[EventDate "2020.08.21"]
[EventType "team"]

1. c4 e5 2. Nc3 Bb4 3. Nd5 Bc5 4. e3 Nf6 5. Nf3 Nxd5 6. cxd5 Qe7 7. Qc2 d6 8. b4
Bb6 9. Bb2 O-O 10. d4 e4 11. Nd2 f5 12. g4 Nd7 13. Bc4 Qh4 14. gxf5 Nf6 15.
O-O-O Bxf5 16. f4 Ng4 17. Rde1 Rae8 18. Qb3 Kh8 19. Kb1 Re7 20. Ka1 Nf6 21. h3
Bg6 22. Nb1 Nh5 23. Qc2 Bf7 24. Nc3 Nf6 25. Bb3 Qh5 26. Reg1 h6 27. Qg2 Bxd5 28.
Nxd5 Nxd5 29. Qg4 Qxg4 30. hxg4 Nxe3 31. Rh3 Nf5 32. gxf5 Rxf5 33. Rf1 d5 34.
Bd1 Ref7 35. Rh4 c6 36. Bh5 R7f6 37. Rfh1 Rxf4 38. Rxf4 Rxf4 39. a4 Rf2 40. a5
Bd8 41. a6 bxa6 42. Rc1 Kh7 43. Rxc6 Bf6 44. Re6 g6 45. Be2 h5 46. Bxa6 h4 47.
Rc6 h3 48. Rc1 h2 49. Rh1 Bg5 50. Bb7 e3 51. Bxd5 e2 52. Bc3 Bf4 53. Be1 Rf1 54.
Bg2 Rxh1 55. Bxh1 Be3 56. b5 Bxd4+ 57. Kb1 Kg7 58. Kc2 Kf6 59. Kd3 Bg1 60. Bg3
Ke6 61. Kxe2 Kf5 62. Bb8 g5 63. Bb7 Kg4 64. Kf1 Kf5 65. Kg2 Ke6 66. Bxh2 Bc5 67.
Kf3 Kd7 68. Bc6+ Ke6 69. Kg4 Be3 70. Bb8 Ke7 71. Kf5 Kd8 72. Bb7 Kd7 73. Be5 Bd2
74. Be4 Be3 75. Bf6 Kc7 76. Bxg5 Bc5 77. Bd2 Kb6 78. Bd3 Bd4 79. Bb4 Bf2 80. Ke6
Bg1 81. Kd5 Bf2 82. Be7 Bg1 83. Bd8+ Kb7 84. Kd6 Kc8 85. Ba5 Kb7 86. Be4+ Kc8
87. Kc6 Bh2 88. Bb4 Bg3 89. Bc5 Kb8 90. Bd6+ Bxd6 91. Kxd6 Kc8 92. Kc5 Kc7 93.
Bf3 Kb8 94. Kb4 Kc8 95. Ka5 Kb8 96. Ka6 Kc7 97. Kxa7 1-0

[Event "Online Olym Top DivC 2020"]
[Site "chess.com INT"]
[Date "2020.08.21"]
[Round "3.3"]
[Board "4"]
[White "Medic, Mirjana"]
[Black "Gunina, Valentina"]
[Result "0-1"]
[WhiteTitle "WGM"]
[BlackTitle "GM"]
[WhiteElo "2207"]
[BlackElo "2431"]
[WhiteTeam "Croatia"]
[BlackTeam "Russia"]
[WhiteFideId "14501619"]
[BlackFideId "4167570"]
[EventDate "2020.08.21"]
[EventType "team"]

1. d4 Nf6 2. Nf3 e6 3. e3 b6 4. Bd3 Bb7 5. O-O c5 6. b3 Nc6 7. Bb2 Qc7 8. Nbd2
cxd4 9. exd4 Nb4 10. Bc4 Bd6 11. a3 Nbd5 12. Ne5 O-O 13. Ndf3 a6 14. a4 Bb4 15.
Bd3 d6 16. Nc4 Nc3 17. Bxc3 Bxc3 18. Rb1 h6 19. Be2 Nd5 20. Qc1 e5 21. dxe5 dxe5
22. Nfd2 Bd4 23. Ne4 Nf4 24. Ng3 Bxg2 25. Re1 Qc6 26. Bg4 Bh1 27. Ne4 Bxe4 28.
Nxe5 Bxe5 0-1

[Event "Online Olym Top DivC 2020"]
[Site "chess.com INT"]
[Date "2020.08.21"]
[Round "3.3"]
[Board "5"]
[White "Sarana, Alexey"]
[Black "Livaic, Leon"]
[Result "1-0"]
[WhiteTitle "GM"]
[BlackTitle "IM"]
[WhiteElo "2654"]
[BlackElo "2507"]
[WhiteTeam "Russia"]
[BlackTeam "Croatia"]
[WhiteFideId "24133795"]
[BlackFideId "14531534"]
[EventDate "2020.08.21"]
[EventType "team"]

1. d4 Nf6 2. c4 e6 3. Nf3 b6 4. g3 Bb7 5. Bg2 Bb4+ 6. Bd2 Bxd2+ 7. Qxd2 O-O 8.
Nc3 Ne4 9. Qc2 Nxc3 10. Ng5 Ne4 11. Bxe4 Bxe4 12. Qxe4 Qxg5 13. Qxa8 Nc6 14. Qb7
Nxd4 15. Rd1 Qe5 16. e3 Nc2+ 17. Ke2 d5 18. cxd5 Qxb2 19. Rd2 Qb5+ 20. Kf3 Nb4
21. Qxc7 Nxd5 22. Qc2 Nb4 23. Qe4 Nd5 24. Rc1 h6 25. Kg2 Qa5 26. Rdc2 Qa6 27.
Qd4 b5 28. Rb1 Qa5 29. e4 Nf6 30. Qb4 Qd8 31. Rd2 Qa8 32. f3 a6 33. Rbd1 Rc8 34.
Qe7 Kh7 35. Qxf7 Qc6 36. Rd6 Qc4 37. R1d2 Qc1 38. Qxe6 Rc2 39. Rxc2 Qxc2+ 40.
Kh3 Qf2 41. Qf5+ Kg8 42. Rd1 Qxa2 43. e5 Qe2 44. Rd8+ Kf7 45. exf6 Qf1+ 46. Kh4
Qc4+ 47. g4 1-0

[Event "Online Olym Top DivC 2020"]
[Site "chess.com INT"]
[Date "2020.08.21"]
[Round "3.3"]
[Board "6"]
[White "Cvitan, Ena"]
[Black "Potapova, Margarita"]
[Result "1-0"]
[WhiteTitle "FM"]
[BlackTitle "WIM"]
[WhiteElo "2242"]
[BlackElo "2270"]
[WhiteTeam "Croatia"]
[BlackTeam "Russia"]
[WhiteFideId "14534215"]
[BlackFideId "14126869"]
[EventDate "2020.08.21"]
[EventType "team"]

1. d4 Nf6 2. c4 e6 3. Nc3 Bb4 4. e3 b6 5. Ne2 c5 6. a3 Ba5 7. Rb1 Na6 8. g3 Bb7
9. d5 b5 10. Bg2 bxc4 11. e4 O-O 12. O-O exd5 13. exd5 d6 14. Bg5 h6 15. Bxf6
Qxf6 16. Qa4 Bxc3 17. Nxc3 Nc7 18. Rfe1 a5 19. Qxc4 Qd4 20. Qxd4 cxd4 21. Re7
Rfc8 22. Ne4 Kf8 23. Rd7 Ke8 24. Bh3 Bxd5 25. Nxd6+ Kf8 26. Nxc8 Be4 27. Re1
Rxc8 28. Rxe4 1-0

[Event "Online Olym Top DivC 2020"]
[Site "chess.com INT"]
[Date "2020.08.21"]
[Round "3.4"]
[Board "1"]
[White "Aronian, Levon"]
[Black "Solak, Dragan"]
[Result "1-0"]
[WhiteTitle "GM"]
[BlackTitle "GM"]
[WhiteElo "2773"]
[BlackElo "2594"]
[WhiteTeam "Armenia"]
[BlackTeam "Turkey"]
[WhiteFideId "13300474"]
[BlackFideId "916811"]
[EventDate "2020.08.21"]
[EventType "team"]

1. e4 c6 2. d4 d5 3. e5 Bf5 4. Bd3 Bxd3 5. Qxd3 e6 6. Ne2 Ne7 7. O-O Nf5 8. Nd2
Be7 9. Nf3 h5 10. c3 Nd7 11. g3 g5 12. a4 Nf8 13. a5 Ng6 14. b4 a6 15. Bd2 g4
16. Ne1 Bg5 17. f3 gxf3 18. Rxf3 Qe7 19. Ng2 O-O-O 20. Raf1 Bxd2 21. Qxd2 Rdg8
22. Kh1 Rg7 23. Rxf5 exf5 24. Ne3 Qg5 25. Rxf5 Qh6 26. Qd3 h4 27. Ng4 Qh7 28.
Nf6 Qh6 29. g4 Rgh7 30. Rh5 Qg7 31. Qf5+ Kb8 32. Nxh7 Rxh7 33. h3 Rxh5 34. Qxh5
f6 35. e6 Kc7 36. Kg2 Kd6 37. Kf3 Qg8 38. Qf5 Qg7 39. Qh5 Qg8 40. Nc1 Kxe6 41.
Nd3 Kd6 42. Nc5 Kc7 43. Qf5 Qf7 44. g5 Qh7 45. gxf6 Qf7 46. Ne6+ Kd6 47. Ng5 Qe8
48. f7 Qe7 1-0

[Event "Online Olym Top DivC 2020"]
[Site "chess.com INT"]
[Date "2020.08.21"]
[Round "3.4"]
[Board "2"]
[White "Sanal, Vahap"]
[Black "Sargissian, Gabriel"]
[Result "1-0"]
[WhiteTitle "GM"]
[BlackTitle "GM"]
[WhiteElo "2581"]
[BlackElo "2682"]
[WhiteTeam "Turkey"]
[BlackTeam "Armenia"]
[WhiteFideId "6300545"]
[BlackFideId "13300881"]
[EventDate "2020.08.21"]
[EventType "team"]

1. e4 e5 2. Nf3 Nc6 3. Bc4 Nf6 4. d4 exd4 5. e5 d5 6. Bb5 Ne4 7. Nxd4 Bc5 8. Be3
O-O 9. Nxc6 bxc6 10. Bxc5 Nxc5 11. Bxc6 Rb8 12. Qxd5 Qe7 13. O-O Rxb2 14. Nc3
Rxc2 15. Qd4 Be6 16. Rfd1 h6 17. Rab1 a6 18. Qb4 Bf5 19. Nd5 Qe6 20. h3 Kh7 21.
Ba4 a5 22. Qa3 Rd8 23. Bxc2 Bxc2 24. Nf6+ gxf6 25. Rxd8 Bxb1 26. Qxc5 Qxe5 27.
Qxe5 fxe5 28. a3 a4 29. Rc8 Kg6 30. Rxc7 Ba2 31. f3 Kf5 32. Kf2 h5 33. h4 f6 34.
Ke3 Bb3 35. Rh7 Kg6 36. Rb7 Bd5 37. Rb4 Bb3 38. Kd2 f5 39. Rb6+ Kg7 40. Kc3 Bd1
41. Re6 1-0

[Event "Online Olym Top DivC 2020"]
[Site "chess.com INT"]
[Date "2020.08.21"]
[Round "3.4"]
[Board "3"]
[White "Danielian, Elina"]
[Black "Atalik, Ekaterina"]
[Result "1-0"]
[WhiteTitle "GM"]
[BlackTitle "IM"]
[WhiteElo "2407"]
[BlackElo "2450"]
[WhiteTeam "Armenia"]
[BlackTeam "Turkey"]
[WhiteFideId "13300210"]
[BlackFideId "4130189"]
[EventDate "2020.08.21"]
[EventType "team"]

1. d4 d5 2. c4 e6 3. Nc3 a6 4. cxd5 exd5 5. Qb3 c6 6. e4 dxe4 7. Bc4 Qe7 8. a4
g6 9. Nge2 Bg7 10. a5 Nf6 11. Na4 O-O 12. Nb6 Ra7 13. Bd2 Re8 14. Bb4 Qc7 15.
Bc5 Be6 16. O-O Bf8 17. Bxe6 Rxe6 18. Nd5 Nxd5 19. Bxa7 Nd7 20. Rfc1 Bd6 21. g3
h5 22. Nc3 N7f6 23. Nxd5 Nxd5 24. Bc5 Bxc5 25. Rxc5 h4 26. Qxd5 hxg3 27. hxg3 e3
28. Qf3 exf2+ 29. Qxf2 Qd6 30. Rf1 Qe7 31. Re5 1-0

[Event "Online Olym Top DivC 2020"]
[Site "chess.com INT"]
[Date "2020.08.21"]
[Round "3.4"]
[Board "4"]
[White "Ozturk, Kubra"]
[Black "Mkrtchian, Lilit"]
[Result "1/2-1/2"]
[WhiteTitle "WGM"]
[BlackTitle "IM"]
[WhiteElo "2330"]
[BlackElo "2388"]
[WhiteTeam "Turkey"]
[BlackTeam "Armenia"]
[WhiteFideId "6302599"]
[BlackFideId "13300601"]
[EventDate "2020.08.21"]
[EventType "team"]

1. d4 d5 2. c4 c6 3. cxd5 cxd5 4. Bf4 Nf6 5. Nc3 Nc6 6. e3 Bf5 7. Qb3 Na5 8.
Bb5+ Bd7 9. Qd1 e6 10. Bd3 Bb4 11. Nf3 Rc8 12. Rc1 Ne4 1/2-1/2

[Event "Online Olym Top DivC 2020"]
[Site "chess.com INT"]
[Date "2020.08.21"]
[Round "3.4"]
[Board "5"]
[White "Martirosyan, Haik M."]
[Black "Gokerkan, Cem Kaan"]
[Result "1-0"]
[WhiteTitle "GM"]
[BlackTitle "IM"]
[WhiteElo "2622"]
[BlackElo "2461"]
[WhiteTeam "Armenia"]
[BlackTeam "Turkey"]
[WhiteFideId "13306553"]
[BlackFideId "6336760"]
[EventDate "2020.08.21"]
[EventType "team"]

1. d4 Nf6 2. Nf3 e6 3. c4 d5 4. Nc3 Be7 5. Bg5 h6 6. Bxf6 Bxf6 7. e3 O-O 8. Bd3
dxc4 9. Bxc4 c5 10. O-O cxd4 11. Nxd4 Bd7 12. Rc1 Nc6 13. Nb3 Qe7 14. Qe2 Rfd8
15. Ne4 Be5 16. f4 Bc7 17. Nbc5 Na5 18. Bd3 Bb6 19. b4 Nc6 20. a3 Be8 21. Bb1 a5
22. Qb2 axb4 23. axb4 Rd5 24. Rf3 Rad8 25. Rg3 e5 26. f5 Rd1+ 27. Rxd1 Rxd1+ 28.
Kf2 Qh4 29. h3 Ne7 30. Qxe5 g5 31. fxg6 fxg6 32. Ba2+ Bf7 33. Bxf7+ Kxf7 34.
Qe6+ Kf8 35. Qxb6 Nf5 36. Ne6+ Ke8 37. Ng7+ Nxg7 38. Qxg6+ Kd8 39. Qxg7 Qxe4 40.
Qf8+ Kc7 41. Rg7+ Rd7 42. Qc5+ Qc6 43. Rxd7+ Kxd7 44. Qxc6+ Kxc6 45. g4 Kb5 46.
h4 Kxb4 47. g5 hxg5 48. hxg5 1-0

[Event "Online Olym Top DivC 2020"]
[Site "chess.com INT"]
[Date "2020.08.21"]
[Round "3.4"]
[Board "6"]
[White "Caglar, Sila"]
[Black "Sargsyan, Anna M."]
[Result "0-1"]
[WhiteTitle "WIM"]
[BlackTitle "WGM"]
[WhiteElo "2250"]
[BlackElo "2402"]
[WhiteTeam "Turkey"]
[BlackTeam "Armenia"]
[WhiteFideId "6364063"]
[BlackFideId "13308130"]
[EventDate "2020.08.21"]
[EventType "team"]

1. e4 c6 2. d4 d5 3. exd5 cxd5 4. c4 Nf6 5. Nc3 Nc6 6. Bg5 Be6 7. a3 g6 8. Bxf6
exf6 9. Be2 Bg7 10. Bf3 Ne7 11. c5 O-O 12. Nge2 g5 13. g3 Bh3 14. Ng1 Be6 15.
Nge2 f5 16. O-O f4 17. gxf4 Ng6 18. f5 Bxf5 19. Bxd5 Qd7 20. Qa4 Qc7 21. Nb5 Qd7
22. Nbc3 Qe7 23. Ng3 Bd7 24. Qb3 Bxd4 25. Qxb7 Rab8 26. Qxa7 Rxb2 27. Nce4 Nf4
28. Qc7 Nxd5 29. Qd6 Qxd6 30. cxd6 Nf4 31. Nxg5 Nh3+ 32. Nxh3 Bxh3 33. Rfd1
Bxf2+ 34. Kh1 Bc8 35. Kg2 Rd8 36. Kf3 Bc5 37. Rac1 Rf2+ 38. Ke4 Bb7+ 39. Kd3
Rxd6+ 40. Kc4 Bxa3 41. Rxd6 Bxd6 42. Rb1 Bxg3 43. hxg3 Be4 44. Re1 Bg6 45. Kd4
Kg7 46. Ke3 Rf6 47. Ra1 h5 48. Ra5 Bf5 49. Kf4 Bg4+ 50. Kg5 Rf3 51. Kh4 Rf1 52.
Ra7 Kf6 53. Ra1 Be2 54. Rxf1+ Bxf1 55. Kxh5 Be2+ 56. Kh4 Kf5 57. Kh3 Kg5 58. Kh2
Kg4 59. Kg2 Bf3+ 60. Kf2 f5 0-1

[Event "Online Olym Top DivC 2020"]
[Site "chess.com INT"]
[Date "2020.08.21"]
[Round "3.5"]
[Board "1"]
[White "Lupulescu, Constantin"]
[Black "Delchev, Aleksander"]
[Result "1/2-1/2"]
[WhiteTitle "GM"]
[BlackTitle "GM"]
[WhiteElo "2656"]
[BlackElo "2550"]
[WhiteTeam "Romania"]
[BlackTeam "Bulgaria"]
[WhiteFideId "1207822"]
[BlackFideId "2900394"]
[EventDate "2020.08.21"]
[EventType "team"]

1. Nf3 d5 2. e3 Nf6 3. c4 c6 4. d4 g6 5. Nc3 Bg7 6. Be2 O-O 7. O-O Be6 8. Qb3
Qb6 9. Bd2 dxc4 10. Bxc4 Bxc4 11. Qxc4 Nbd7 12. e4 e6 13. b4 a5 14. a3 Qa6 15.
Qxa6 Rxa6 16. e5 Ne8 17. Ne4 f5 18. exf6 Nexf6 19. Nxf6+ Bxf6 20. bxa5 e5 21.
dxe5 Nxe5 22. Nxe5 Bxe5 23. Rab1 Rd8 24. Rfe1 Rxd2 25. Rxe5 Rd7 26. g3 Ra8 27.
Kg2 Rf8 28. Rb2 Rff7 29. f4 Rd3 30. a6 bxa6 31. Ra5 Rc7 32. Rxa6 c5 33. Rc2 c4
34. Kf2 Kg7 35. Ra4 h5 36. Raxc4 Rxc4 37. Rxc4 Rxa3 38. Re4 Kf6 39. h3 h4 40.
Re3 Rxe3 41. Kxe3 hxg3 42. Kf3 g5 43. fxg5+ Kxg5 44. Kxg3 Kh5 1/2-1/2

[Event "Online Olym Top DivC 2020"]
[Site "chess.com INT"]
[Date "2020.08.21"]
[Round "3.5"]
[Board "2"]
[White "Enchev, Ivajlo"]
[Black "Parligras, Mircea-Emilian"]
[Result "1/2-1/2"]
[WhiteTitle "GM"]
[BlackTitle "GM"]
[WhiteElo "2491"]
[BlackElo "2591"]
[WhiteTeam "Bulgaria"]
[BlackTeam "Romania"]
[WhiteFideId "2907712"]
[BlackFideId "1204297"]
[EventDate "2020.08.21"]
[EventType "team"]

1. d4 Nf6 2. c4 e6 3. Nf3 d5 4. g3 Bb4+ 5. Bd2 Be7 6. Bg2 O-O 7. O-O c6 8. Qc2
Nbd7 9. Bf4 b6 10. Nc3 dxc4 11. Nd2 Nd5 12. Nxc4 Nxf4 13. gxf4 Bb7 14. Rfd1 Qc7
15. e3 Rad8 16. a4 Bb4 17. Na2 Be7 18. Nc3 Bb4 19. Na2 Be7 20. b4 c5 21. dxc5
bxc5 22. b5 Bxg2 23. Kxg2 Qb7+ 24. f3 Qc7 25. a5 Nf6 26. Nc3 Nd5 27. Rab1 Nb4
28. Qe2 Rb8 29. Rd2 Bf6 30. Ne4 Rxb5 31. Ne5 Rxa5 32. Nxf6+ gxf6 33. Nd7 Rd8 34.
Rbd1 Kh8 35. Qf2 Nd5 36. Nxf6 Qe7 37. Nxd5 exd5 38. Rxd5 Rg8+ 39. Kh1 Qf6 40.
Qc2 Ra1 41. Rxc5 Rxd1+ 42. Qxd1 Qb2 43. Rc2 Qg7 44. Ra2 a5 45. Qa1 Qxa1+ 46.
Rxa1 Ra8 1/2-1/2

[Event "Online Olym Top DivC 2020"]
[Site "chess.com INT"]
[Date "2020.08.21"]
[Round "3.5"]
[Board "3"]
[White "Bulmaga, Irina"]
[Black "Stefanova, Antoaneta"]
[Result "1/2-1/2"]
[WhiteTitle "IM"]
[BlackTitle "GM"]
[WhiteElo "2434"]
[BlackElo "2462"]
[WhiteTeam "Romania"]
[BlackTeam "Bulgaria"]
[WhiteFideId "13903063"]
[BlackFideId "2902257"]
[EventDate "2020.08.21"]
[EventType "team"]

1. e4 c6 2. d4 d5 3. e5 c5 4. dxc5 e6 5. a3 Bxc5 6. b4 Be7 7. Nf3 a5 8. b5 Nd7
9. Bd3 Qc7 10. Qe2 Nc5 11. O-O a4 12. Nbd2 Nh6 13. c4 O-O 14. Bb2 Nxd3 15. Qxd3
dxc4 16. Nxc4 Rd8 17. Qe2 Bd7 18. b6 Qc5 19. Bd4 Qd5 20. Ne3 Qb5 21. Qxb5 Bxb5
22. Rfc1 Bc6 23. Bc5 Kf8 24. Kf1 Rac8 25. Bxe7+ Kxe7 26. Ke1 Nf5 27. Nxf5+ exf5
28. Rd1 Rxd1+ 29. Rxd1 Bxf3 30. gxf3 Rc3 31. Ke2 Rxa3 32. Rc1 Rb3 33. Rc7+ Ke6
34. Rxb7 f4 35. Ra7 a3 36. Ra5 Rxb6 37. Rxa3 Kxe5 38. Ra5+ Kf6 39. Kf1 g5 40.
Kg2 Kg6 41. h3 h5 42. Ra8 Rb3 43. Rg8+ Kf5 44. Rh8 h4 45. Rf8 Kg6 46. Rg8+ Kf5
47. Rf8 f6 48. Ra8 Rb5 49. Rf8 Ra5 50. Re8 Kg6 51. Rg8+ Kf7 52. Rb8 f5 53. Rb7+
Kg6 54. Rb6+ Kf7 55. Rb7+ Kf6 56. Rb6+ Kg7 57. Rb7+ Kg6 58. Rb6+ Kg7 59. Rb7+
Kf6 60. Rb6+ Kf7 61. Rb7+ 1/2-1/2

[Event "Online Olym Top DivC 2020"]
[Site "chess.com INT"]
[Date "2020.08.21"]
[Round "3.5"]
[Board "4"]
[White "Salimova, Nurgyul"]
[Black "Peptan, Corina-Isabela"]
[Result "1-0"]
[WhiteTitle "IM"]
[BlackTitle "IM"]
[WhiteElo "2372"]
[BlackElo "2392"]
[WhiteTeam "Bulgaria"]
[BlackTeam "Romania"]
[WhiteFideId "2915138"]
[BlackFideId "1201930"]
[EventDate "2020.08.21"]
[EventType "team"]

1. d4 d5 2. c4 dxc4 3. e3 Nf6 4. Bxc4 e6 5. Nf3 a6 6. Be2 c5 7. O-O Nc6 8. Ne5
cxd4 9. Nxc6 bxc6 10. exd4 Be7 11. Nc3 O-O 12. Bf3 Nd5 13. Ne4 Qb6 14. b3 a5 15.
Qc2 Qxd4 16. Bb2 Qb6 17. Rfd1 Ba6 18. Bd4 Qc7 19. Qb2 f6 20. Rac1 Rfe8 21. h4
Rad8 22. h5 e5 23. Bc5 Bxc5 24. Nxc5 Bc8 25. h6 Nf4 26. Qc2 Rxd1+ 27. Rxd1 gxh6
28. Ne4 Kg7 29. Ng3 Rd8 30. Rxd8 Qxd8 31. Qxc6 Be6 32. Qb7+ Qd7 33. Qb6 a4 34.
Ne4 axb3 35. axb3 Qd3 36. Nc5 Qb1+ 37. Kh2 Bf7 38. Ne4 Ne6 39. b4 Qc1 40. g3 Qb2
41. Kg2 f5 42. Nd6 Bg6 43. Qb7+ Kf6 44. Qb8 Kg7 45. Bd5 Nd4 46. Qg8+ Kf6 47.
Qf8+ Kg5 48. Qe7+ Kh5 49. Qh4# 1-0

[Event "Online Olym Top DivC 2020"]
[Site "chess.com INT"]
[Date "2020.08.21"]
[Round "3.5"]
[Board "5"]
[White "Deac, Bogdan-Daniel"]
[Black "Petrov, Martin"]
[Result "1/2-1/2"]
[WhiteTitle "GM"]
[BlackTitle "IM"]
[WhiteElo "2625"]
[BlackElo "2525"]
[WhiteTeam "Romania"]
[BlackTeam "Bulgaria"]
[WhiteFideId "1226380"]
[BlackFideId "2911086"]
[EventDate "2020.08.21"]
[EventType "team"]

1. d4 Nf6 2. c4 e6 3. Nf3 b6 4. a3 Bb7 5. Nc3 d5 6. Bg5 Be7 7. Qa4+ c6 8. cxd5
Nxd5 9. Bd2 O-O 10. e4 Nxc3 11. Bxc3 c5 12. Rd1 cxd4 13. Nxd4 Qc8 14. Nb5 Rd8
15. f3 Na6 16. Rxd8+ Qxd8 17. Qd4 Qf8 18. b4 Bh4+ 19. g3 Bf6 20. Qe3 Bxc3+ 21.
Qxc3 Rc8 22. Qd2 Rd8 23. Qc3 f5 24. Bc4 fxe4 25. fxe4 Bxe4 26. Bxe6+ Kh8 27. Rf1
Rd1+ 28. Kxd1 Qxf1+ 29. Kd2 Qf2+ 30. Kd1 Qf1+ 31. Kd2 Qf2+ 32. Kd1 Qf1+ 1/2-1/2